The short happy life of Francis Macomber / Ernest Hemingway
Cuento corto, se desarrolla en África y gira en torno a las vacaciones de Francis Macomber y su esposa en ese continente, conforme avanza el relato se revela que el matrimonio de Macomber está totalmente destruido, y que su esposa es infeliz, esto genera una serie de hechos que harán que la historia...
Saved in:
| Main Author: | |
|---|---|
| Format: | Book |
| Language: | Undetermined |
| Published: |
Londres, Inglaterra
Penguin Books
1975
|
| Subjects: | |
| Tags: |
Add Tag
No Tags, Be the first to tag this record!
|
MARC
| LEADER | 00000nam a2200000Ia 4500 | ||
|---|---|---|---|
| 008 | 170316s9999 xx 000 0 und d | ||
| 040 | |a cru BVZT | ||
| 090 | |a 810 H-13s | ||
| 100 | |a Hemingway, Ernest | ||
| 245 | 4 | |a The short happy life of Francis Macomber / Ernest Hemingway | |
| 260 | |a Londres, Inglaterra | ||
| 260 | |b Penguin Books | ||
| 260 | |c 1975 | ||
| 300 | |a 191 páginas | ||
| 520 | |a Cuento corto, se desarrolla en África y gira en torno a las vacaciones de Francis Macomber y su esposa en ese continente, conforme avanza el relato se revela que el matrimonio de Macomber está totalmente destruido, y que su esposa es infeliz, esto genera una serie de hechos que harán que la historia se vuelva dramática y trágica. La obra escrita en 1936 por el célebre autor Ernest Hemingway, trata temas como el adulterio, la felicidad, la tristeza, la valentía, entre otros temas que atraparan al lector de principio a fin. | ||
| 650 | |a LITERATURA ESTADOUNIDENSE |9 25 | ||
| 650 | |a CUENTO |9 19 | ||
| 650 | |a EN IDIOMA INGLÉS |9 129 | ||
| 999 | |c 5718 |d 5718 | ||
| 942 | |c 15 D |h 810 H-13s |2 z | ||
